[Event "Amber Blindfold"]
[Site "Monaco MNC"]
[Date "2000.03.23"]
[Round "7"]
[White "Nikolic,Pr"]
[Black "Karpov,An"]
[Result "1/2-1/2"]
[WhiteElo "2659"]
[BlackElo "2696"]

1.d4 Nf6 2.c4 e6 3.Nf3 b6 4.g3 Ba6 5.Qa4 Bb7 6.Bg2 c5 7.O-O cxd4 8.Nxd4 Qc8
9.Nc3 Bxg2 10.Kxg2 Qb7+ 11.f3 Be7 12.Rd1 a6 13.Bg5 h6 14.Bxf6 Bxf6 15.Ne4 Be7
16.Qb3 Qc7 17.Rac1 O-O 18.f4 Nc6 19.Nf3 Rfd8 20.Qe3 Rac8 21.g4 d5 22.cxd5 exd5
23.Ng3 Bc5 24.Qd2 a5 25.a3 Qe7 26.Qd3 Qf6 27.Qd2 Qe6 28.f5 Qe7 29.Qc3 Be3
30.Rc2 d4 31.Qc4 Na7 32.Qd3 Rxc2 33.Qxc2 Rc8 34.Qb3 Qc5 35.f6 g6 36.h4 b5
37.h5 Qc4 38.Qxc4 bxc4 39.Nf1 gxh5 40.Nxd4 Bg5 41.gxh5 Bxf6 42.e3 Nc6 43.Ng3 Nxd4
44.exd4 Rd8 45.Nf5 Rd5 46.Nxh6+ Kg7 47.Ng4 Rxd4 48.Ne3 Rxd1 49.Nxd1 Kh6 50.Ne3 Bxb2
51.Nxc4 Bc3 52.Nd6 f6 53.a4 Kxh5 54.Kf3 Be5 55.Nf5 Kg6 56.Ke4 Kf7 57.Kd5 Ba1
58.Nd6+ Kg6 59.Ke4 Bb2 60.Nf5 Ba3 61.Nd4 Bc5 62.Nf5 Kg5 63.Ng7  1/2-1/2

[Event "Amber Rapidplay"]
[Site "Monaco MNC"]
[Date "2000.03.24"]
[Round "8"]
[White "Nikolic,Pr"]
[Black "Anand,V"]
[Result "0-1"]
[WhiteElo "2659"]
[BlackElo "2769"]

1.d4 d5 2.c4 c6 3.Nf3 Nf6 4.e3 Bf5 5.Nc3 e6 6.Bd3 Bg6 7.Ne5 Bxd3 8.Qxd3 Nbd7
9.Nxd7 Qxd7 10.O-O Bb4 11.Bd2 Be7 12.Rad1 O-O 13.Bc1 Rfd8 14.e4 dxe4 15.Nxe4 c5
16.d5 exd5 17.Nxf6+ Bxf6 18.Qxd5 Qa4 19.Qf3 Qxc4 20.Qxb7 Qxa2 21.g3 Bd4 22.Rfe1 h6
23.Kg2 a5 24.Re7 a4 25.Qf3 Qb3 26.Rd3 Qc4 27.Rd1 Rf8 28.Rb7 Rab8 29.Bf4 Rxb7
30.Qxb7 Re8 31.h4 Re6 32.h5 Qe2 33.Qa8+ Kh7 34.Qxa4 Qxf2+ 35.Kh3 Qe2  0-1

[Event "Amber Rapidplay"]
[Site "Monaco MNC"]
[Date "2000.03.26"]
[Round "9"]
[White "Lautier,J"]
[Black "Nikolic,Pr"]
[Result "1/2-1/2"]
[WhiteElo "2632"]
[BlackElo "2659"]

1.e4 d6 2.d4 Nf6 3.f3 e6 4.c4 d5 5.e5 Nfd7 6.cxd5 exd5 7.f4 Nb6 8.Nf3 c5
9.Be3 cxd4 10.Nxd4 Nc6 11.Nc3 Nc4 12.Nxc6 bxc6 13.Bxc4 dxc4 14.Qa4 Rb8 15.Qxc6+ Bd7
16.Qxc4 Rc8 17.Qd3 Qh4+ 18.Bf2 Qxf4 19.O-O Qg4 20.Bxa7 Be7 21.Rad1 Bc6 22.Qg3 Qxg3
23.hxg3 Ra8 24.Be3 O-O 25.Rf2 Ra5 26.Bd4 Rd8 27.Rfd2 h5 28.Kh2 Rc8 29.a3 h4
30.gxh4 Bxh4 31.Rd3 Bg5 32.Be3 Bh4 33.Nd5 Ba4 34.b3 Rxd5 35.Rxd5 Bxb3 36.g3 Be7
37.a4 Ra8 38.Rd7 Bxd1 39.Rxe7  1/2-1/2

[Event "Amber Blindfold"]
[Site "Monaco MNC"]
[Date "2000.03.26"]
[Round "9"]
[White "Nikolic,Pr"]
[Black "Lautier,J"]
[Result "0-1"]
[WhiteElo "2659"]
[BlackElo "2632"]

1.d4 Nf6 2.Nf3 d5 3.c4 e6 4.Nc3 c6 5.e3 Nbd7 6.Bd3 dxc4 7.Bxc4 b5 8.Bb3 b4
9.Ne2 Be7 10.O-O O-O 11.Ng3 c5 12.e4 Bb7 13.e5 Nd5 14.Re1 Qb6 15.h4 cxd4
16.Bg5 Rfe8 17.Bxe7 Nxe7 18.Bc2 Nf8 19.Qxd4 Bxf3 20.Qxb6 axb6 21.gxf3 Ra5
22.h5 Nd7 23.f4 Nd5 24.a3 bxa3 25.Rxa3 Rxa3 26.bxa3 Rc8 27.Be4 Nxf4 28.Rb1 h6
29.a4 Kf8 30.Kh2 Rc5 31.Rb4 Ke7 32.Bb7 Nd3 33.Rg4 Kf8 34.Rd4 N3xe5 35.f4 Rc4
36.Rxc4 Nxc4 37.Bc6 Nc5 38.Ne2 Ke7 39.Nc3 Kd6 40.Be8 f6 41.Kg3 Nd2 42.Kf2 Nde4+
43.Nxe4+ Nxe4+ 44.Ke3 Nc3 45.Kd3 Nd5 46.Ke4 Ke7 47.Bc6 Kd6 48.Be8 f5+ 49.Kf3 Ke7
50.Bg6 Nc3  0-1

[Event "Bundesliga 1999-2000"]
[Site "Wattenscheid GER"]
[Date "2000.03.26"]
[Round "13"]
[White "Nikolic,Pr"]
[Black "Conquest,S"]
[Result "1/2-1/2"]
[WhiteElo "2659"]
[BlackElo "2563"]

1.d4 g6 2.Nf3 Nf6 3.c4 Bg7 4.g3 b6 5.Bg2 Bb7 6.O-O e6 7.Qc2 c5 8.dxc5 bxc5
9.Bf4 Qb6 10.Nc3 O-O 11.Rfd1 Rc8 12.Nb5 Ne8 13.e4 d5 14.exd5 exd5 15.Nc3 d4
16.Nd5 Bxd5 17.cxd5 Nd7 18.Qa4 Qd8 19.Bh3 Nb6 20.Qa6 Nc7 21.Qb7 Ncxd5 22.Ng5 Qf6
23.Ne4 Qc6 24.Bxc8 Rxc8 25.Qxc6 Rxc6 26.Bd2 c4 27.Re1 h6 28.Ba5 f5 29.Nd2 c3
30.bxc3 dxc3 31.Nb3 c2 32.Re8+ Kf7 33.Rae1 Nc4 34.Ra8 Nxa5 35.Rxa7+ Nc7 36.Rxa5 Bc3
37.Rc1 Bxa5 38.Nxa5 Rc3 39.Nb3 Nd5 40.Kf1 Nb4 41.Na1 Kf6 42.Ke2 Ke5 43.a4 f4
44.gxf4+ Kxf4 45.a5 g5 46.a6 Nxa6 47.Rxc2 Rxc2+ 48.Nxc2 Nc5 49.f3 h5 50.Ne3 Ne6
51.Kf2 Nd4 52.Ng2+ Ke5 53.h4 gxh4  1/2-1/2

[Event "Amber Rapidplay"]
[Site "Monaco MNC"]
[Date "2000.03.27"]
[Round "10"]
[White "Nikolic,Pr"]
[Black "Ljubojevic,L"]
[Result "1/2-1/2"]
[WhiteElo "2659"]
[BlackElo "2559"]

1.d4 Nf6 2.c4 g6 3.Nf3 Bg7 4.g3 d5 5.Bg2 dxc4 6.Na3 c3 7.bxc3 O-O 8.O-O c5
9.e3 Nc6 10.Qe2 Bf5 11.Rd1 Be4 12.Nc4 cxd4 13.exd4 Na5 14.Nce5 Rc8 15.c4 b6
16.Ba3 Qc7 17.Rac1 Bh6 18.Rc3 Nd5 19.cxd5 Qxc3 20.Bxe7 Bxd5 21.Bxf8 Bxf8
22.Ng5 Bc4 23.Qg4 Bxa2 24.Ne4 Qc2 25.Nf6+ Kg7 26.Be4 Be6 27.Nh5+ Kg8 28.Qf3 Qb3
29.Rd3 Bh3 30.Nf6+ Kg7 31.Ne8+ Kg8 32.Nf6+ Kg7 33.Ne8+ Kg8 34.Nf6+  1/2-1/2

[Event "Amber Blindfold"]
[Site "Monaco MNC"]
[Date "2000.03.27"]
[Round "10"]
[White "Ljubojevic,L"]
[Black "Nikolic,Pr"]
[Result "1/2-1/2"]
[WhiteElo "2559"]
[BlackElo "2659"]

1.Nf3 d5 2.d4 Nf6 3.c4 c6 4.Nc3 e6 5.e3 Nbd7 6.Qc2 Bd6 7.Be2 O-O 8.O-O b6
9.e4 Nxe4 10.Nxe4 dxe4 11.Qxe4 Bb7 12.Bg5 Qc7 13.Bd3 g6 14.Qh4 c5 15.Be4 Bxe4
16.Qxe4 cxd4 17.Qxd4 Ne5 18.Nd2 f5 19.h3 Nf7 20.Nf3 h6 21.Bf6 e5 22.Qd5 Rac8
23.b3 Qc6 24.Rad1 Rfe8 25.g4 Qxd5 26.Rxd5 Re6 27.g5 hxg5 28.Bxg5 e4 29.Nd4 Re5
30.Rxd6 Nxd6 31.Bf4 Nf7 32.Bxe5 Nxe5 33.Ne6 Kf7 34.Ng5+ Kf6 35.f4 Nd3 36.Nh7+ Ke7
37.Kg2 b5 38.cxb5 Rc2+ 39.Kg3 Rxa2 40.Ng5 Kd6 41.h4 Kd5 42.Rh1 e3 43.Nf3 e2
44.h5 gxh5 45.Rxh5 e1=Q+ 46.Nxe1 Nxe1 47.Rxf5+ Kd6 48.Rf6+ Kc5 49.f5 Rg2+
50.Kf4 Rg7 51.Re6 Nd3+ 52.Ke4 Nb4 53.f6 Rg1 54.Re7 Re1+ 55.Kf5 Rf1+ 56.Kg6 Rxf6+
57.Kxf6 Nd5+ 58.Ke6 Nxe7 59.Kxe7 Kxb5 60.Kd6 a5 61.Kc7 Kb4 62.Kb6 Kxb3 63.Kxa5  1/2-1/2

[Event "Amber Blindfold"]
[Site "Monaco MNC"]
[Date "2000.03.28"]
[Round "11"]
[White "Nikolic,Pr"]
[Black "Van Wely,L"]
[Result "0-1"]
[WhiteElo "2659"]
[BlackElo "2646"]

1.d4 Nf6 2.Nf3 d5 3.c4 e6 4.e3 Be7 5.b3 O-O 6.Bd3 b6 7.O-O Bb7 8.Bb2 Nbd7
9.Nc3 c5 10.cxd5 Nxd5 11.Nxd5 Bxd5 12.Rc1 cxd4 13.Nxd4 Rc8 14.Qe2 Rxc1 15.Rxc1 Nc5
16.Bb1 Qa8 17.b4 Ne4 18.f3 Nf6 19.e4 Bb7 20.b5 Rc8 21.Rc4 Nd7 22.Rxc8+ Qxc8
23.Qc2 Nc5 24.Qc4 Qd7 25.Bc2 Bf6 26.Bc3 h5 27.g3 Qd6 28.Ne2 Bxc3 29.Qxc3 e5
30.Kf2 Bc8 31.Bb3 Be6 32.Bxe6 Qxe6 33.a3 Qd7 34.Nc1 Qd1 35.Kg2 g6 36.h4 Kh7
37.Qc4 Kg7 38.Qc3 f6 39.Qc4 Qd2+ 40.Kf1 Qe3 41.Kg2 Qd2+ 42.Kf1 Qe3 43.Kg2 Qxa3
44.Na2 Qb2+ 45.Kg1 Qb1+ 46.Kg2 Qb2+ 47.Kg1 Qd2 48.Nb4 Qd1+ 49.Kg2 Qd2+ 50.Kg1 Qe3+
51.Kg2 Qe1 52.Nd5 Qd2+ 53.Kg1 Qd1+ 54.Kg2 Qd2+ 55.Kg1 Qd1+ 56.Kg2 Qb3 57.Qf1 Qc2+
58.Kg1 Nd3 59.f4 exf4 60.Nxf4 Ne5 61.Ne6+ Kf7 62.Nd8+ Ke7 63.Nc6+ Nxc6 64.bxc6 Qxc6  0-1

[Event "Amber Rapidplay"]
[Site "Monaco MNC"]
[Date "2000.03.28"]
[Round "11"]
[White "Van Wely,L"]
[Black "Nikolic,Pr"]
[Result "1-0"]
[WhiteElo "2646"]
[BlackElo "2659"]

1.d4 Nf6 2.c4 e6 3.Nc3 Bb4 4.Qc2 O-O 5.a3 Bxc3+ 6.Qxc3 d6 7.Bg5 Re8 8.e3 e5
9.Bd3 Bg4 10.f3 Bh5 11.dxe5 dxe5 12.O-O-O Qe7 13.Ne2 Nbd7 14.Bc2 c6 15.h4 Bg6
16.e4 h6 17.Be3 b5 18.c5 a5 19.Rd6 b4 20.Qd2 Reb8 21.Rd1 Nf8 22.Rxc6 bxa3
23.bxa3 Ne6 24.Qd6 Qe8 25.Rb6 Rd8 26.Qc6 Nd7 27.Ba4 Nxb6 28.Qxe8+ Rxe8 29.cxb6 Red8
30.Rd5 Rxd5 31.exd5 Nd8 32.Bc6 Rc8 33.Kb2 Bd3 34.Nc3 Ba6 35.Bd7 Rc4 36.Ne4 Nb7
37.Bc6 Nd8 38.Bd7 Nb7 39.g3 a4 40.Bc6 Na5 41.Nd6 Rxc6 42.dxc6 Nxc6 43.b7 Kf8
44.Bb6 Ke7 45.Bc7 Ke6 46.b8=Q Nxb8 47.Bxb8 f5 48.Kc3 g5 49.hxg5 hxg5 50.Kd2 Kf6
51.g4 fxg4 52.fxg4 Ke6 53.Ke3 Kd5 54.Nf7 Bc8 55.Nxe5 Be6 56.Kf3  1-0

[Event "Bundesliga 1999-2000"]
[Site "Solingen GER"]
[Date "2000.04.08"]
[Round "14"]
[White "Boensch,U"]
[Black "Nikolic,Pr"]
[Result "1-0"]
[WhiteElo "2547"]
[BlackElo "2659"]

1.d4 d5 2.c4 c6 3.e3 Nf6 4.Nf3 Bf5 5.cxd5 cxd5 6.Qb3 Qc7 7.Bd2 Nc6 8.Bb5 e6
9.O-O Bd6 10.Bb4 O-O 11.Bxd6 Qxd6 12.Bxc6 Qxc6 13.Ne5 Qc7 14.Nc3 Rac8 15.f3 Rfd8
16.Rac1 Qe7 17.Nb5 a6 18.Nc3 Ne8 19.e4 dxe4 20.fxe4 Bg6 21.Nxg6 hxg6 22.e5 b5
23.Ne2 Qb7 24.Qf3 Qxf3 25.gxf3 Nc7 26.Kf2 Nd5 27.Rxc8 Rxc8 28.Rc1 Rxc1 29.Nxc1 g5
30.Nd3 a5 31.Ke2 Kh7 32.Nc5 Kg6 33.Nb7 a4 34.Nd6 b4 35.Kd3 f5 36.Nb7 a3 37.bxa3 bxa3
38.Nc5 Nb4+ 39.Kc4 Nc2 40.Nxe6 Ne1 41.f4 gxf4 42.Nxf4+ Kf7 43.e6+ Ke7 44.Kd5 Nc2
45.Ng6+ Ke8 46.Kc5  1-0

[Event "Bundesliga 1999-2000"]
[Site "Solingen GER"]
[Date "2000.04.09"]
[Round "15"]
[White "Nikolic,Pr"]
[Black "Gdanski,J"]
[Result "1/2-1/2"]
[WhiteElo "2659"]
[BlackElo "2535"]

1.d4 g6 2.Nf3 Bg7 3.g3 c5 4.d5 b5 5.Bg2 d6 6.O-O Nd7 7.a4 bxa4 8.Rxa4 Ngf6
9.Nc3 Nb6 10.Ra2 O-O 11.e4 a5 12.Re1 a4 13.Bf1 e6 14.dxe6 Bxe6 15.Ra3 d5
16.exd5 Nfxd5 17.Ng5 Bf5 18.Nxd5 Qxd5 19.Qe2 h6 20.Bg2 Qc4 21.Bxa8 Rxa8 22.Ne4 Qxe2
23.Rxe2 Nc4 24.Ra2 Bg4 25.Re1 a3 26.b3 Ne5 27.Nd2 Rd8 28.Re3 Nc6 29.c3 c4
30.Bxa3 cxb3 31.Nxb3 Be6 32.Rb2 Rd1+ 33.Kg2 g5 34.Rxe6 fxe6 35.Rc2 Rd3 36.Bb2 Kf7
37.Nd2 Kg6 38.h3 h5 39.Kf1 Ne5 40.Ke2 Rd8 41.c4 Nc6 42.Bxg7 Kxg7 43.Ra2 Nd4+
44.Kd3 Kg6 45.Ne4 Nf3+ 46.Kc3 Kf5 47.Nc5 e5 48.Nd3 Ng1 49.Ra5 Re8 50.c5 Ke6
51.Ra6+ Kd5 52.Rd6+ Ke4 53.c6 Rc8 54.Nc5+ Kf3 55.Rf6+ Kg2 56.Ne4 Ne2+ 57.Kc4 Nd4
58.Kd5 h4 59.gxh4 gxh4 60.Ng5 Kh2 61.Kxe5 Nxc6+ 62.Kf4 Kg2 63.f3 Ne7 64.Kg4 Nd5
65.Rf7 Rc4+ 66.Ne4 Rc8 67.Rg7 Rf8 68.Kxh4+ Kxf3 69.Ng5+ Ke3 70.Kg3 Rf1 71.Ra7 Rg1+
72.Kh4 Nf4 73.Ra3+ Ke2 74.Ra4 Nxh3 75.Nxh3 Rg8 76.Ng5 Kd3 77.Kg4  1/2-1/2

[Event "Parkroyal Int"]
[Site "Surfers Paradise AUS"]
[Date "2000.06.07"]
[Round "1"]
[White "Nikolic,Pr"]
[Black "Allen,A"]
[Result "1-0"]
[WhiteElo "2659"]
[BlackElo "2264"]

1.d4 Nf6 2.c4 e6 3.Nf3 Bb4+ 4.Nbd2 b6 5.g3 Bb7 6.Bg2 c5 7.a3 Bxd2+ 8.Qxd2 Nc6
9.dxc5 bxc5 10.O-O O-O 11.b4 cxb4 12.axb4 Ne4 13.Qb2 a5 14.b5 Nb4 15.Be3 Qc7
16.Rfc1 d6 17.Nd4 Nc5 18.Bd2 Bxg2 19.Kxg2 Qb7+ 20.f3 e5 21.Nf5 Rfd8 22.Bxb4 axb4
23.Qxb4 e4 24.Qc3 exf3+ 25.exf3 f6 26.Rxa8 Rxa8 27.Ra1 Rxa1 28.Qxa1 d5 29.Qd4  1-0

[Event "Parkroyal Int"]
[Site "Surfers Paradise AUS"]
[Date "2000.06.08"]
[Round "2"]
[White "Wallace,JP"]
[Black "Nikolic,Pr"]
[Result "1/2-1/2"]
[WhiteElo "2367"]
[BlackElo "2659"]

1.Nf3 d5 2.d4 Nf6 3.c4 dxc4 4.e3 Bg4 5.Bxc4 e6 6.O-O a6 7.b3 Nbd7 8.Bb2 Bd6
9.Be2 O-O 10.Nbd2 c5 11.h3 Bh5 12.Nc4 Be7 13.Nfe5 Bxe2 14.Qxe2 Nxe5 15.dxe5 Nd5
16.Rad1 Qc7 17.f4 f5 18.e4 fxe4 19.f5 b5 20.fxe6 Rxf1+ 21.Qxf1 Rf8 22.Qe2 Nf4
23.Qxe4 bxc4 24.Rd7 Qa5 25.Rxe7 c3 26.Rf7 Nxe6 27.Rxf8+ Kxf8 28.Qf3+ Ke7
29.Bxc3 Qxa2 30.Qd5 Qb1+ 31.Kh2 Qf5 32.Qb7+ Kf8 33.Qxa6 Qf4+ 34.Kh1 Qc1+
35.Kh2 Qf4+ 36.Kh1 Qc1+  1/2-1/2

[Event "Parkroyal Int"]
[Site "Surfers Paradise AUS"]
[Date "2000.06.09"]
[Round "3"]
[White "Nikolic,Pr"]
[Black "Wohl,A"]
[Result "1/2-1/2"]
[WhiteElo "2659"]
[BlackElo "2438"]

1.d4 Nf6 2.c4 g6 3.Nf3 Bg7 4.g3 O-O 5.Bg2 Nc6 6.O-O a6 7.Nc3 Rb8 8.e4 d6
9.h3 e5 10.d5 Ne7 11.Be3 b5 12.Qc2 bxc4 13.Nd2 c6 14.dxc6 Nxc6 15.Nxc4 Be6
16.Nd5 Nxd5 17.exd5 Nb4 18.Qd2 Bf5 19.Rfc1 a5 20.g4 Bd3 21.a3 Bxc4 22.Rxc4 Na6
23.b4 axb4 24.axb4 Nc7 25.Rc6 Nb5 26.Raa6 f5 27.Qd3 Qh4 28.gxf5 gxf5 29.Rab6 f4
30.Rxb8 Rxb8 31.Bb6 f3 32.Bxf3 Qxb4 33.Qf5 Nd4 34.Bxd4 Qb1+ 35.Qxb1 Rxb1+
36.Kg2 exd4 37.Be4 Re1 38.Rc8+ Bf8 39.Kf3 h6 40.h4 Kf7 41.h5 Be7 42.Kf4 Re2
43.f3 Rh2 44.Bg6+ Kf6 45.Rh8 Rh4+ 46.Kg3 d3 47.Rh7 d2 48.Rf7+ Ke5 49.Rxe7+ Kxd5
50.Bc2 Rh1 51.Bb3+ Kc5 52.Re2 d1=Q 53.Bxd1 Rxd1 54.Re6 Rh1 55.Rxh6 d5 56.Rh8 Kd6
57.Kf4 Ke6 58.h6 Kf6 59.h7 Kg7 60.Rd8 Kxh7 61.Kg5 Kg7 62.Rd7+ Kf8 63.f4 Ra1
64.f5 Ra6 65.Rxd5 Rb6 66.Ra5 Rc6 67.f6 Rc1 68.Ra8+  1/2-1/2

[Event "Parkroyal Int"]
[Site "Surfers Paradise AUS"]
[Date "2000.06.10"]
[Round "4"]
[White "Zhao Zong Yuan"]
[Black "Nikolic,Pr"]
[Result "0-1"]
[WhiteElo "2242"]
[BlackElo "2659"]

1.e4 d6 2.d4 Nf6 3.Nc3 g6 4.Be3 Bg7 5.Qd2 c6 6.Nf3 Bg4 7.Be2 Bxf3 8.Bxf3 Nbd7
9.O-O O-O 10.a4 e5 11.Rfd1 Re8 12.d5 Bf8 13.b4 a5 14.dxc6 bxc6 15.b5 Qc7
16.Rab1 Rec8 17.b6 Qb7 18.Rb2 Be7 19.Qe2 Nf8 20.g3 Ne6 21.Bg2 Nd7 22.h4 Ndc5
23.h5 Rd8 24.hxg6 hxg6 25.Qc4 Bf6 26.Ne2 Kg7 27.c3 Ra6 28.Rxd6 Rxd6 29.Bxc5 Rd1+
30.Kh2 Ra8 31.Bh3 Nxc5 32.Qxc5 Rad8 33.Kg2 R1d2 34.Rxd2 Rxd2 35.Qxa5 Rb2
36.Bg4 Rxb6 37.Bc8 Qc7 38.c4 Be7 39.Bg4 Bb4 40.Qa8 Rb8 41.Qa6 Bc5 42.Nc1 Qd6
43.Qa5 Rb1 44.Qc3 Bd4  0-1

[Event "Parkroyal Int"]
[Site "Surfers Paradise AUS"]
[Date "2000.06.13"]
[Round "7"]
[White "Nikolic,Pr"]
[Black "Galdunts,S"]
[Result "1-0"]
[WhiteElo "2659"]
[BlackElo "2473"]

1.d4 Nf6 2.c4 e6 3.Nf3 d5 4.Nc3 Bb4 5.Qa4+ Nc6 6.Bg5 O-O 7.e3 a6 8.cxd5 exd5
9.Bd3 h6 10.Bh4 Be6 11.O-O Be7 12.Rac1 Nd7 13.Bg3 Nb6 14.Qd1 Qd7 15.Bb1 Rac8
16.Qc2 g6 17.Rfd1 Bg4 18.Qe2 f5 19.Qc2 Bd6 20.Ne2 Bxf3 21.gxf3 Ne7 22.a3 Qe6
23.Kh1 Nd7 24.Qb3 b5 25.Nf4 Qf7 26.Ba2 Nf6 27.Nd3 g5 28.Rg1 Qh5 29.Qd1 Kh8
30.Be5 Ng6 31.f4 Qh4 32.f3 Kh7 33.Rc2 Qh5 34.fxg5 hxg5 35.Rcg2 Nh4 36.Rxg5 Qxf3+
37.Qxf3 Nxf3 38.Rg7+ Kh8 39.R1g6 Bxe5 40.dxe5 Ne4 41.Re7 c6 42.Rh6+ Kg8 43.Rhh7 Rfe8
44.Reg7+ Kf8 45.Nf4  1-0

[Event "Parkroyal Int"]
[Site "Surfers Paradise AUS"]
[Date "2000.06.14"]
[Round "8"]
[White "Johansen,D"]
[Black "Nikolic,Pr"]
[Result "1/2-1/2"]
[WhiteElo "2494"]
[BlackElo "2659"]

1.d4 d5 2.c4 dxc4 3.Nf3 a6 4.e4 b5 5.a4 Bb7 6.b3 Bxe4 7.Nc3 Bb7 8.axb5 axb5
9.Rxa8 Bxa8 10.bxc4 Bxf3 11.Qxf3 b4 12.c5 bxc3 13.Bb5+ Nd7 14.Bxd7+  1/2-1/2

[Event "Parkroyal Int"]
[Site "Surfers Paradise AUS"]
[Date "2000.06.15"]
[Round "9"]
[White "Nikolic,Pr"]
[Black "Tindall,B"]
[Result "1-0"]
[WhiteElo "2659"]
[BlackElo "2194"]

1.d4 Nf6 2.c4 e6 3.Nf3 c5 4.d5 exd5 5.cxd5 d6 6.Nc3 g6 7.Qa4+ Qd7 8.Qh4 Bg7
9.Bh6 O-O 10.Bxg7 Kxg7 11.e4 Qe7 12.Bd3 b6 13.O-O Ba6 14.Bxa6 Nxa6 15.Rfe1 Nb4
16.Rad1 Rfe8 17.a3 Na6 18.e5 dxe5 19.d6 Qe6 20.Qa4 Nb8 21.Rxe5 Qd7 22.Rxe8 Nxe8
23.Qe4 Nc6 24.Ne5 Nxe5 25.Qxa8 Nc6 26.Qxc6  1-0

[Event "Open"]
[Site "Gold Coast AUS"]
[Date "2000.06.25"]
[Round "6"]
[White "Wallace,JP"]
[Black "Nikolic,Pr"]
[Result "0-1"]
[WhiteElo "2367"]
[BlackElo "2659"]

1.Nf3 Nf6 2.c4 e6 3.Nc3 Bb4 4.g4 O-O 5.g5 Ne8 6.Qc2 Be7 7.h4 b6 8.d4 d5 9.Bf4 dxc4
10.e4 Nc6 11.O-O-O Nb4 12.Qd2 Ba6 13.Ne5 Nd6 14.h5 Nd3+ 15.Bxd3 cxd3 16.g6 Bf6
17.Nc6 Qe8 18.Nb4 Nc4 19.gxh7+ Kh8 20.Qxd3 Nxb2 21.Qxa6 Nxd1 22.Rxd1 c5 23.Nd3 cxd4
24.e5 Qc8 25.Qxc8 Rfxc8 26.exf6 gxf6 27.Rg1 Rxc3+ 28.Kd2 Kxh7 29.Bd6 e5 30.Be7 e4
31.Nb4 Rf3 32.Nd5 Rxf2+ 33.Ke1 Rxa2 34.Nxf6+ Kh8 35.Rg4 Rc8 36.Kd1 e3 37.Bb4 e2+
38.Ke1 Rc1+ 39.Kf2 e1=Q+  0-1

[Event "8th Suncoast Open"]
[Site "Noosa AUS"]
[Date "2000.07.02"]
[Round "6"]
[White "Solomon,SJ"]
[Black "Nikolic,Pr"]
[Result "1-0"]
[WhiteElo "2372"]
[BlackElo "2659"]

1.e4 e6 2.d4 d5 3.Nc3 Bb4 4.e5 Ne7 5.Bd2 b6 6.f4 Ba6 7.Nb5 Bxd2+ 8.Qxd2 O-O
9.Nf3 Qd7 10.a4 c6 11.Nd6 Bxf1 12.Rxf1 Nc8 13.Nxc8 Rxc8 14.a5 Qb7 15.f5 exf5
16.Nh4 bxa5 17.Nxf5 Kh8 18.Ra3 Qb4 19.Nd6 Qxd2+ 20.Kxd2 Rc7 21.e6 Na6 22.Rxa5 fxe6
23.Rxa6 Kg8 24.c4 dxc4 25.Nxc4 c5 26.Rxe6 cxd4 27.Kd3 h6 28.Rd6 Rb8 29.Rxd4 Rb5
30.Ra1 Rg5 31.g3 Rh5 32.h4 Rb5 33.Kc3 Kh7 34.b4 Re5 35.Rxa7  1-0

[Event "1st European Rapid Ch"]
[Site "Neum BIH"]
[Date "2000.10.02"]
[Round "1"]
[White "Kantsler,B"]
[Black "Nikolic,Pr"]
[Result "1/2-1/2"]
[WhiteElo "2524"]
[BlackElo "2657"]

1.d4 Nf6 2.c4 e6 3.Nc3 Bb4 4.e3 c5 5.Bd3 Bxc3+ 6.bxc3 d6 7.Ne2 e5 8.e4 Nc6
9.f3 h6 10.Be3 b6 11.d5 Ne7 12.g4 g5 13.h4 gxh4 14.Rxh4 Ng6 15.Rh1 h5 16.g5 Nd7
17.Qd2 h4 18.Ng1 Ndf8 19.O-O-O Bd7 20.Kb2 Qc8 21.f4 exf4 22.Bxf4 Qc7 23.Rf1 O-O-O
24.Bh2 Rh7 25.Rf6 Ne5 26.Nf3 Nfg6 27.Nxe5 dxe5 28.Rhf1 Bh3 29.R1f3 Bg4 30.Rf1 Rd6
31.Qg2 Bh5 32.Qh3+ Qd7 33.Qxd7+ Rxd7 34.Bc2 Be2 35.R1f2 Bxc4 36.Bd1 Kd8 37.Bg4 Rb7
38.d6 Rg7 39.Bf5 b5 40.d7 Be6 41.Bxe6 fxe6 42.Rxe6 Rb6 43.Re8+ Kxd7 44.Ra8 Kc6
45.Re8 Rh7 46.Rf6+ Kd7 47.Rg8 Nf4 48.Bxf4 exf4 49.g6 Re7 50.Rxf4 h3 51.Rg4 h2
52.Rh8 Rg7 53.Rxh2 Rbxg6 54.Rxg6 Rxg6 55.Rh7+ Kd6 56.Rxa7 Rg2+ 57.Ka3 Re2
58.Ra6+ Kc7 59.Re6 Re3 60.Kb2 Re2+ 61.Kb3 Re3 62.a3 Kd7 63.Re5 Kd6 64.Rd5+ Kc6
65.Re5 Kd6  1/2-1/2

[Event "1st European Rapid Ch"]
[Site "Neum BIH"]
[Date "2000.10.03"]
[Round "10"]
[White "Nikolic,Pr"]
[Black "Greenfeld,A"]
[Result "1/2-1/2"]
[WhiteElo "2657"]
[BlackElo "2574"]

1.d4 Nf6 2.c4 e6 3.Nc3 d5 4.Bg5 dxc4 5.e4 c5 6.Nf3 cxd4 7.Nxd4 Bb4 8.Bxc4 Bxc3+
9.bxc3 Qa5 10.Bb5+ Nbd7 11.Bxf6 Qxc3+ 12.Kf1 gxf6 13.h4 a6 14.Rh3 Qb4 15.Ba4 Ke7
16.Rb1 Qc4+ 17.Kg1 Nc5 18.Bb3 Nxb3 19.Rbxb3 Rd8 20.Rhd3 Bd7 21.Rxb7 Rac8
22.Nf5+ exf5 23.Rdxd7+ Rxd7 24.Qxd7+ Kf8 25.Qxf5 Kg7 26.Rb3 Qe6 27.Qf4 Kh8
28.Rg3 Rg8 29.Rd3 Rg4 30.Rd8+ Kg7 31.Qb8 Kh6 32.f3 Rxh4 33.Qg3 Rh5 34.Rg8 Rg5
35.Qh2+ Rh5 36.Qb8 Qe7 37.Qf4+ Rg5 38.Qh4+ Rh5 39.Qf4+ Rg5 40.Rc8 Qe5 41.Qd2 Qg3
42.Rc3 Qb8 43.e5 Qb6+ 44.Kh2 fxe5 45.f4 Rh5+ 46.Rh3 Rxh3+ 47.Kxh3 exf4 48.Qxf4+ Kg7
49.Qe5+ Qf6 50.Qa5 Kg6 51.Qa4 Qe6+ 52.Kg3 Qe5+ 53.Kf3 a5 54.g4 h5 55.gxh5+ Qxh5+
56.Kg3 Qe5+ 57.Kf3 f6 58.Qc4 Qf5+ 59.Kg3 Qe5+ 60.Kf3 Kg7 61.a4 Kh6 62.Qc1+ Qg5
63.Qc4 Qf5+ 64.Kg3 Qe5+ 65.Kf3 f5 66.Qb5 Qe4+ 67.Kf2 Qd4+ 68.Kf3 Qg4+ 69.Kf2 Qd4+  1/2-1/2

[Event "1st European Blitz Ch"]
[Site "Neum BIH"]
[Date "2000.10.04"]
[Round "5"]
[White "Tkachiev,V"]
[Black "Nikolic,Pr"]
[Result "1-0"]
[WhiteElo "2657"]
[BlackElo "2657"]

1.d4 Nf6 2.c4 e6 3.Nf3 b6 4.a3 d5 5.Nc3 Be7 6.cxd5 exd5 7.Qa4+ c6 8.Bf4 b5
9.Qc2 Nbd7 10.Nxb5 O-O 11.Bc7 Qe8 12.Nd6 Bxd6 13.Bxd6 Nb6 14.Bxf8 Qxf8 15.e3 Bd7
16.Ne5 Rc8 17.Ba6 Rc7 18.Nxd7 Nbxd7 19.O-O c5 20.dxc5 Nxc5 21.Be2 Ne6 22.Qa4 g6
23.Rac1 Rb7 24.b4 Qe7 25.Rfd1 h5 26.Bf3 Rd7 27.b5 Ng5 28.Qb4 Qe5 29.Rc8+ Kh7
30.Qf8 Ng4 31.Qg8+ Kh6 32.Qh8+ Qxh8 33.Rxh8+ Kg7 34.Rc8 Nxf3+ 35.gxf3 Nf6
36.a4 Re7 37.a5 g5 38.b6  1-0

[Event "1st European Blitz Ch"]
[Site "Neum BIH"]
[Date "2000.10.04"]
[Round "7"]
[White "Nikolic,Pr"]
[Black "Sherbakov,R"]
[Result "1/2-1/2"]
[WhiteElo "2657"]
[BlackElo "2558"]

1.d4 Nf6 2.c4 e6 3.Nf3 c5 4.d5 exd5 5.cxd5 d6 6.g3 g6 7.Bg2 Bg7 8.Nc3 O-O
9.O-O Na6 10.Nd2 Nc7 11.Nc4 Nh5 12.a4 b6 13.Bd2 f5 14.Rb1 Ba6 15.b3 Qd7 16.Qc2 Rad8
17.Rbe1 Bb7 18.Bg5 Rde8 19.Qd2 f4 20.Ne4 Bxd5 21.Nexd6 Bxg2 22.Kxg2 Re6 23.Bxf4 Nxf4+
24.gxf4 Bd4 25.e3 Rxd6 26.Nxd6 Qg4+ 27.Kh1 Qf3+ 28.Kg1 Qg4+  1/2-1/2

[Event "1st European Blitz Ch"]
[Site "Neum BIH"]
[Date "2000.10.04"]
[Round "8"]
[White "Volkov,S"]
[Black "Nikolic,Pr"]
[Result "0-1"]
[WhiteElo "2554"]
[BlackElo "2657"]

1.d4 Nf6 2.c4 e6 3.Nc3 Bb4 4.f3 d5 5.a3 Be7 6.e4 dxe4 7.fxe4 e5 8.d5 O-O
9.Nf3 Bg4 10.Be3 Nbd7 11.b4 a5 12.Rb1 axb4 13.axb4 Ra3 14.Qc1 Rxc3 15.Qxc3 Nxe4
16.Qc2 Bxf3 17.gxf3 Bh4+ 18.Ke2 Nd6 19.Bh3 Nf6 20.Rhg1 g6 21.Rbd1 b5 22.cxb5 Nxb5
23.Qc4 e4 24.Qxb5 exf3+ 25.Kxf3 Re8 26.Bf4 Ne4 27.Qd7 Qa8 28.Rd3 Nf6 29.Qc6 Qa2
30.Rg2 Qb1 31.Rgd2 Re4 32.Bg3 Bxg3 33.hxg3 Qh1+ 34.Bg2 Qh5+ 35.Kf2 Ng4+ 36.Kf1 Ne3+
37.Rxe3 Rxe3 38.Qxc7 Qf5+ 39.Qf4 Qb1+  0-1

[Event "1st European Blitz Ch"]
[Site "Neum BIH"]
[Date "2000.10.04"]
[Round "10"]
[White "Nikolic,Pr"]
[Black "Sokolov,I"]
[Result "0-1"]
[WhiteElo "2657"]
[BlackElo "2611"]

1.d4 Nf6 2.Nf3 d5 3.c4 c6 4.e3 a6 5.Qc2 Bg4 6.Ne5 Bh5 7.Bd3 e6 8.Nc3 Nbd7
9.f4 Bg6 10.c5 Nxe5 11.fxe5 Ne4 12.Nxe4 dxe4 13.Bc4 Be7 14.O-O O-O 15.Bd2 a5
16.a3 a4 17.Bb4 b5 18.Be2 Qd5 19.Rf2 f6 20.exf6 Rxf6 21.Raf1 Raf8 22.Bg4 Bf5
23.Qe2 Qb3 24.Bc3 Qd5 25.Rf4 R6f7 26.Bxf5 exf5 27.h4 g5 28.hxg5 Bxg5 29.R4f2 Bh4
30.g3 Bxg3 31.Rg2 Rg7 32.Qh5 f4 33.Qxd5+ cxd5 34.exf4 Rxf4 35.Ba5 Bh2+ 36.Kxh2 Rxf1
37.c6 Rf6 38.Rc2 Rh6+  0-1

[Event "1st European Blitz Ch"]
[Site "Neum BIH"]
[Date "2000.10.05"]
[Round "14"]
[White "Nikolic,Pr"]
[Black "Van Wely,L"]
[Result "1-0"]
[WhiteElo "2657"]
[BlackElo "2643"]

1.Nf3 Nf6 2.c4 e6 3.Nc3 d5 4.d4 dxc4 5.e4 c5 6.Bg5 cxd4 7.Nxd4 Qa5 8.Bxf6 gxf6
9.Bxc4 a6 10.O-O b5 11.Bb3 Qb6 12.Qd3 Ra7 13.Nde2 Rd7 14.Qf3 Be7 15.Nf4 Nc6
16.Bxe6 Ne5 17.Bxd7+ Bxd7 18.Qh5 Bd8 19.h3 b4 20.Ncd5 Qd4 21.Qe2 Bb5 22.Qe3 Qxe3
23.Nxe3 Bxf1 24.Kxf1 Kd7 25.Ned5 a5 26.Rc1 Re8 27.g4 Ng6 28.Nd3 Kd6 29.Rc8 Kd7
30.Ra8 Rh8 31.Ra6 Re8 32.Nc5+  1-0

[Event "chT-SLO"]
[Site "Bled SLO"]
[Date "2000.10.18"]
[Round "5"]
[White "Nikolic,Pr"]
[Black "Palac,M"]
[Result "0-1"]
[WhiteElo "2657"]
[BlackElo "2573"]

1.d4 Nf6 2.Nf3 e6 3.c4 b6 4.g3 Ba6 5.Nbd2 Bb4 6.Qc2 O-O 7.Bg2 d5 8.O-O c5
9.dxc5 Bxc5 10.a3 Nbd7 11.cxd5 Nxd5 12.Nb3 Be7 13.Nbd4 Rc8 14.Qd1 Nc5 15.Bd2 Bb7
16.Qb1 Bf6 17.Rd1 Nc7 18.Bb4 Be4 19.Qa2 Bd5 20.Qb1 Be4 21.Nc2 Nd5 22.Nfe1 Bxg2
23.Kxg2 Qc7 24.Qa2 Qc6 25.Nf3 a5 26.Bxc5 bxc5 27.e4 Nb6 28.Re1 Rfd8 29.Re3 Na4
30.e5 Bg5 31.Re2 c4 32.Rae1 Bd2 33.Rf1 c3 34.b3 Nc5 35.Ne3 Nd3 36.Nc4 g5
37.h3 h5 38.Nxd2 cxd2 39.Qxd2 Nf4+ 40.gxf4 Rxd2 41.Rxd2 g4  0-1

[Event "chT-SLO"]
[Site "Bled SLO"]
[Date "2000.10.20"]
[Round "7"]
[White "Nikolic,Pr"]
[Black "Golubovic,B"]
[Result "1-0"]
[WhiteElo "2657"]
[BlackElo "2466"]

1.d4 Nf6 2.Nf3 g6 3.g3 Bg7 4.Bg2 O-O 5.c4 c6 6.O-O d6 7.h3 Nbd7 8.Nc3 e5
9.e4 Qa5 10.Re1 exd4 11.Nxd4 Ne5 12.Bf1 Re8 13.Be3 Be6 14.Nxe6 Rxe6 15.a3 Nxe4
16.Rc1 f5 17.Bg2 Rae8 18.Nxe4 fxe4 19.Bd2 Qb6 20.Rxe4 Nf3+ 21.Bxf3 Rxe4 22.Bxe4 Rxe4
23.b4 Qd4 24.Kg2 d5 25.cxd5 Qxd5 26.Qf3 Bd4 27.Rd1 Re2 28.Be3 Rxe3 29.Qxd5+ cxd5
30.fxe3 Bxe3 31.Rxd5 a6 32.Rd8+ Kg7 33.Rd7+ Kf6 34.Rxb7  1-0